000 00526nam a2200193 4500
001 VA54728
003 ES-SlBCS
005 20210601160758.0
008 140520s1976 xxu||||| |||| 00| 0 spa d
020 _a84-320-4104-1
041 _aspa
100 1 _aAlba, Víctor
_919211
245 1 0 _a1936-1976. Historia de la II República Española
_cVíctor Alba
260 _aBarcelona :
_bPlaneta
_c, 1976
300 _a310 p.;
_c18 cm
490 0 _aFábula
_v5
650 0 4 _aIi República Española-Historia
_9394440
942 _cBK
999 _c833809
_d833809